[Event "Kerkinitida 2021"]
[Site "Yevpatoria"]
[Date "2021.10.25"]
[Round "7.3"]
[White "Kryakvin, Dmitry"]
[Black "Chos, Alexey"]
[Result "1-0"]
[WhiteElo "2570"]
[BlackElo "2296"]
[Annotator "TA"]
[PlyCount "135"]
[EventDate "2021.10.19"]
[EventType "swiss"]
[SourceTitle "playchess.com"]
[Source "ChessBase"]
[SourceQuality "1"]

{[%evp 10,135,42,37,37,41,55,28,39,33,68,20,17,22,36,41,55,65,68,58,61,58,70,64,103,115,100,93,98,98,98,94,152,141,172,178,175,166,227,235,252,187,191,144,132,101,98,88,88,97,93,86,130,93,97,109,106,48,45,43,33,0,0,0,0,0,0,0,0,0,0,0,0,0,16,18,58,63,78,78,78,64,85,85,85,78,126,126,126,126,126,126,126,126,422,422,401,378,390,350,331,331,580,288,294,204,4137,4137,4133,4133,4133,4133,4133,4125,29982,29977,29977,29978,29978,29979,29978,29976,29979,29980,29985,29984,29986,29987]} 1. Nf3 g6 2. e4 Bg7 3. d4 d6 4. Bc4 e6 5. Bb3 Ne7 6. O-O O-O {B06: Modern Defence.} 7. c3 b6 8. Nbd2 Ba6 {White has an edge.} 9. Re1 c5 10. Nf1 {[#]} cxd4 $146 ({Predecessor:} 10... Nbc6 11. d5 exd5 12. exd5 Ne5 13. Nxe5 dxe5 14. Bg5 Qd7 15. Ne3 Nc8 16. Ng4 c4 17. Bc2 f6 18. Bh6 Bb7 19. Qe2 Nd6 20. f4 e4 21. Bxg7 Kxg7 22. Rad1 {½-½ (22) Grigoriants,S (2570)-Bodnaruk,A (2416) Wroclaw 2014}) 11. cxd4 d5 12. e5 Bxf1 13. Kxf1 Nbc6 14. Bf4 b5 15. Rc1 Qb6 16. Bc2 Nb4 {[#]} 17. Bb1 $1 Rac8 18. Qd2 {Rxc8 is the strong threat.} Rxc1 19. Rxc1 Nbc6 20. g3 f6 ({Black should try} 20... b4) 21. Kg2 $16 b4 22. h4 b3 23. axb3 Na5 (23... Qxb3 {keeps fighting.} 24. exf6 Rxf6) 24. exf6 $18 Bxf6 25. Bc7 Nxb3 26. Qe3 ({And not} 26. Bxb6 Nxd2 27. Nxd2 axb6 $11) 26... Bxd4 27. Bxb6 Bxe3 28. Bxe3 Nxc1 29. Bxc1 Rb8 30. Ne5 Nf5 31. Bd3 Rb6 32. g4 Nd6 33. Kf3 ({White should play} 33. Be2 $16) 33... Nf7 $14 34. Nd7 Rb7 35. Nf6+ (35. Nc5 $5 {[%cal Rc5b7]} Ne5+ 36. Ke2 $14) 35... Kg7 36. g5 Ne5+ 37. Ke2 $1 Nxd3 38. Kxd3 h5 39. Be3 Rxb2 40. Nxh5+ Kf7 41. Nf4 Rb3+ 42. Kc2 Rb4 43. Nd3 $1 {[%cal Rd3b4]} Rxh4 44. Bxa7 Re4 45. Bb8 Kg7 46. Be5+ Kf7 47. Bf6 e5 48. f3 Re3 49. Kd2 (49. Bxe5 $6 Rxf3 50. Bc7 Ke6 $11) 49... d4 50. Nxe5+ Ke6 51. Nc6 ({Of course not} 51. Nxg6 $6 Rxf3 52. Bxd4 Rf5 $11) 51... Kd5 {[%mdl 8192] Black cannot hold the game after this.} (51... Kf5 $16 {was called for.} 52. Nxd4+ Kf4) 52. Nxd4 $18 Ra3 {[#]} 53. Ke2 $1 {[%cal Re2f2]} Ra2+ 54. Ke3 Ra3+ 55. Kf2 Ra4 $2 (55... Ra2+ {is a better defense.} 56. Ne2 Ke6) 56. Ne2 (56. f4 $142) 56... Ke6 57. Kg3 Rb4 $2 (57... Kf7 58. Nd4 Rc4) 58. Nf4+ {[%mdl 64] Double Attack} Kf7 59. Nd3 Rb1 60. Ne5+ Kg8 61. Nxg6 Kh7 62. Nh4 {White mates.} Rb6 63. Kg4 Kg8 64. f4 Rb1 65. Kf5 Rb7 66. g6 Rb4 67. Be5 Rb7 68. Kg5 {Weighted Error Value: White=0.14/Black=0.27} 1-0

[Event "Kerkinitida 2021"]
[Site "Yevpatoria"]
[Date "2021.10.25"]
[Round "7.4"]
[White "Brusilovskiy, Boris"]
[Black "Tomilova, Elena"]
[Result "0-1"]
[WhiteElo "2067"]
[BlackElo "2256"]
[Annotator "TA"]
[PlyCount "56"]
[EventDate "2021.10.19"]
[EventType "swiss"]
[SourceTitle "playchess.com"]
[Source "ChessBase"]
[SourceQuality "1"]

{[%evp 13,56,0,13,-45,-32,-47,-5,-15,-22,-56,-60,-62,-67,-163,-153,-215,-213,-224,-228,-216,-212,-206,-227,-206,-114,-347,-337,-338,-347,-389,-339,-408,-385,-523,-540,-755,-724,-745,-787,-758,-760,-996,-834,-1679,-1631]} 1. e4 e6 2. d4 d5 3. Nc3 Bb4 4. Nge2 dxe4 5. a3 Be7 6. Nxe4 Nf6 7. N2g3 {7.Nxf6+ is the hot move.} O-O 8. Be3 {C15: French: 3 Nc3 Bb4: Unusual White 4th moves.} (8. Nxf6+ $11 Bxf6 9. c3) 8... Nxe4 $15 9. Nxe4 f5 10. Nc3 {The position is equal.} f4 11. Bc1 Nc6 12. d5 Ne5 {[#]} 13. Qe2 $146 (13. Be2 $15) ({Predecessor:} 13. Be2 Bd7 14. Qd4 Bf6 15. Qe4 exd5 16. Qxd5+ Kh8 17. Bxf4 Qe7 18. O-O Bc6 19. Qd2 {1-0 (33) Haldorsen,B (2184)-Solem,T (2212) Norway 2015}) 13... Bd6 $1 $19 14. Bd2 (14. dxe6 $17 Bxe6 15. Bd2) 14... exd5 $1 {Hoping for ...f3.} 15. O-O-O c6 16. f3 b5 17. g3 fxg3 18. hxg3 Nxf3 ({Black should try} 18... Rxf3 $19 {...Bg4 is the strong threat.} 19. Bf4 Bg4 $1) 19. Bf4 $2 {This move loses the game for White.} (19. Nxd5 $17 cxd5 20. Qd3 Nxd2 21. Qxd5+ Rf7 22. Qxa8 Nxf1 23. Rhxf1 Rxf1 24. Rxf1 Qg5+ 25. Kb1) 19... Bxf4+ 20. gxf4 Rxf4 21. Bg2 Qg5 {And now ...Re4+ would win.} 22. Kb1 {[#]} Bg4 23. Qd3 {[#]} Bf5 {[%mdl 64] Discovered Attack. Black is clearly winning.} 24. Qe2 (24. Qe3 Bxc2+) 24... Nd4 25. Rxd4 Rxd4 26. Rh5 Qg6 27. Bf3 Bg4 {White must now prevent ...Qxh5.} 28. Nxd5 Qxh5 {Weighted Error Value: White=0.83/Black=0.13} 0-1

[Event "Kerkinitida 2021"]
[Site "Yevpatoria"]
[Date "2021.10.25"]
[Round "7.5"]
[White "Polukhin, Sergey"]
[Black "Aryslanov, Leonidas"]
[Result "1-0"]
[WhiteElo "1410"]
[BlackElo "1121"]
[Annotator "NA RC"]
[PlyCount "89"]
[EventDate "2021.10.19"]
[EventType "swiss"]
[SourceTitle "playchess.com"]
[Source "ChessBase"]
[SourceQuality "1"]
[TimeControl "5400+30"]

1. e4 {[%emt 0:00:02]} e5 {[%emt 0:01:23]} 2. Nf3 {[%emt 0:00:08]} Nc6 {[%emt 0:00:36]} 3. Bb5 {[%emt 0:00:09]} d6 {[%emt 0:00:37]} 4. d4 {[%emt 0:00:14]} Bd7 {[%emt 0:01:28]} 5. Nc3 {[%emt 0:00:28]} Nf6 {[%emt 0:00:20]} 6. O-O {[%emt 0:00:35]} Be7 {[%emt 0:00:09]} 7. Re1 {[%emt 0:02:55]} exd4 {[%emt 0:00:36]} 8. Nxd4 {[%emt 0:00:08]} Nxd4 {[%emt 0:00:31]} 9. Bxd7+ {[%emt 0:00:10]} Qxd7 {[%emt 0:00:11]} 10. Qxd4 {[%emt 0:00:04]} c5 {[%emt 0:00:32]} 11. Qd3 {[%emt 0:00:38]} Rd8 {[%emt 0:00:45]} 12. Bf4 {[%emt 0:04:01]} Nh5 {[%emt 0:02:24]} 13. Be3 {[%emt 0:01:25]} O-O {[%emt 0:02:06]} 14. Rad1 {[%emt 0:00:59]} f5 {[%emt 0:01:33]} 15. Bxc5 {[%emt 0:03:15]} fxe4 {[%emt 0:01:56]} 16. Qd5+ {[%emt 0:00:23]} Kh8 {[%emt 0:02:12]} 17. Qxh5 {[%emt 0:00:00]} Rf5 {[%emt 0:00:13]} 18. Qe2 {[%emt 0:02:16]} Rxc5 {[%emt 0:00:22]} 19. Nxe4 {[%emt 0:01:18]} Re5 {[%emt 0:02:44]} 20. f4 {[%emt 0:02:11]} Re6 {[%emt 0:00:41]} 21. Qd3 {[%emt 0:02:01]} d5 {[%emt 0:01:52]} 22. Ng3 {[%emt 0:04:52]} Bc5+ {[%emt 0:01:24]} 23. Kh1 {[%emt 0:00:32]} Rxe1+ {[%emt 0:01:31]} 24. Rxe1 {[%emt 0:00:01]} Bf2 {[%emt 0:01:11]} 25. Re2 {[%emt 0:01:22]} Bxg3 {[%emt 0:00:38]} 26. Qxg3 {[%emt 0:00:02]} Qb5 {[%emt 0:00:36]} 27. Qe3 {[%emt 0:00:33]} h6 {[%emt 0:02:28]} 28. c3 {[%emt 0:00:37]} Rc8 {[%emt 0:02:16]} 29. h3 {[%emt 0:01:01]} Qa5 {[%emt 0:01:03]} 30. a3 {[%emt 0:00:40]} a6 {[%emt 0:01:02]} 31. f5 {[%emt 0:03:00]} d4 {[%emt 0:03:37]} 32. Qe6 {[%emt 0:00:27]} Rf8 {[%emt 0:01:23]} 33. cxd4 {[%emt 0:01:22]} Rxf5 {[%emt 0:00:35]} 34. Qe8+ {[%emt 0:01:40]} Kh7 {[%emt 0:00:16]} 35. Qe4 {[%emt 0:00:11]} Kg6 {[%emt 0:01:01]} 36. g4 {[%emt 0:00:39]} Kg5 {[%emt 0:00:23]} 37. Qxf5+ {[%emt 0:00:14]} Qxf5 {[%emt 0:00:10]} 38. gxf5 {[%emt 0:00:02]} Kxf5 {[%emt 0:00:06]} 39. d5 {[%emt 0:00:05]} g5 {[%emt 0:00:12]} 40. d6 {[%emt 0:00:03]} h5 {[%emt 0:00:10]} 41. d7 {[%emt 0:00:03]} g4 {[%emt 0:00:13]} 42. d8=Q {[%emt 0:00:06]} gxh3 {[%emt 0:00:13]} 43. Qf8+ {[%emt 0:00:21]} Kg6 {[%emt 0:00:21]} 44. Re6+ {[%emt 0:00:13]} Kh7 {[%emt 0:00:13]} 45. Rh6# {[%emt 0:00:06]} 1-0

[Event "Kerkinitida 2021"]
[Site "Yevpatoria"]
[Date "2021.10.25"]
[Round "7.6"]
[White "Iljin, Viktor"]
[Black "Tihonov, Gennady"]
[Result "0-1"]
[WhiteElo "1066"]
[BlackElo "1827"]
[Annotator "NA RC"]
[PlyCount "86"]
[EventDate "2021.10.19"]
[EventType "swiss"]
[SourceTitle "playchess.com"]
[Source "ChessBase"]
[SourceQuality "1"]
[TimeControl "5400+30"]

{[%evp 8,86,35,33,36,5,-5,15,25,-14,0,-33,-24,-36,-25,-27,-41,-28,-19,-44,-29,-218,-193,-204,243,220,245,-225,-233,32767,32767,32767,-237,-241,-181,-231,-242,-235,-236,-221,-318,-241,-305,-344,-429,-386,-427,-435,-379,32767,32767,-246,-309,32767,32767,32767,32767,32767,-485,-469,-981,-722,-1021,-1939,-5309,-5214,-29981,-29970,-29982,-12838,-29970,-29975,-29984,-29982,-29984,-12845,-29987,-29983,-29988,-29987,-29984]} 1. d4 {[%emt 0:00:03]} d5 {[%emt 0:00:09]} 2. c4 {[%emt 0:00:20]} dxc4 {[%emt 0:00:12]} 3. e3 {[%emt 0:00:09]} a6 {[%emt 0:00:09]} 4. Bxc4 {[%emt 0:00:16]} e6 {[%emt 0:00:09]} 5. Nf3 {[%emt 0:00:16]} Nf6 {[%emt 0:00:06]} 6. Nc3 {[%emt 0:00:13]} c5 {[%emt 0:00:10]} 7. O-O {[%emt 0:00:32]} Nc6 {[%emt 0:00:03]} 8. b3 {[%emt 0:00:53]} cxd4 {[%emt 0:03:25]} 9. Nxd4 {[%emt 0:02:20]} Nxd4 {[%emt 0:00:18]} 10. Qxd4 {[%emt 0:00:24]} Qxd4 {[%emt 0:00:10]} 11. exd4 {[%emt 0:00:08]} b5 {[%emt 0:01:49]} 12. Bd3 {[%emt 0:14:00]} Bb7 {[%emt 0:00:11]} 13. Bg5 {[%emt 0:01:46]} Rc8 {[%emt 0:07:16]} 14. Nxb5 $2 {[%emt 0:21:59]} ({Better is} 14. Ne2 $15) 14... axb5 {[%emt 0:00:50]} 15. Bxb5+ {[%emt 0:01:01]} Bc6 $4 {[%emt 0:03:02] [#]} (15... Kd8 $19 {avoids the disaster.} 16. a4 h6) 16. Rfc1 $1 {[%emt 0:01:28]} Kd7 {[%emt 0:00:15] [#]} 17. Bxc6+ $4 {[%emt 0:02:00]} (17. Rxc6 $1 $18 Rxc6 18. Rc1 {[%mdl 64] Pin}) 17... Rxc6 {[%emt 0:00:06]} 18. Rxc6 {[%emt 0:00:06]} Kxc6 {[%emt 0:00:05]} 19. Bxf6 {[%emt 0:00:03]} gxf6 {[%emt 0:00:07]} 20. Rc1+ {[%emt 0:00:11]} Kb7 {[%emt 0:01:41]} 21. a4 {[%emt 0:00:37]} (21. Kf1 $142) 21... Ba3 {[%emt 0:01:37]} 22. Rc4 {[%emt 0:01:45]} Rc8 {[%emt 0:00:38]} 23. Rxc8 {[%emt 0:02:33]} Kxc8 {[%emt 0:00:07]} 24. Kf1 {[%emt 0:00:08]} Bb2 {[%emt 0:02:45]} 25. Ke2 {[%emt 0:00:02]} Bxd4 {[%emt 0:00:08]} 26. f3 {[%emt 0:00:03]} Kb7 {[%emt 0:04:03]} 27. Kd3 {[%emt 0:00:32]} Bg1 {[%emt 0:00:17]} 28. h3 {[%emt 0:00:03]} f5 {[%emt 0:03:49]} 29. g4 {[%emt 0:01:44]} f4 {[%emt 0:02:25]} 30. Ke4 {[%emt 0:01:01]} Be3 {[%emt 0:00:12]} 31. Kd3 {[%emt 0:04:59]} Kc6 {[%emt 0:08:05]} 32. b4 {[%emt 0:02:23]} Kd5 {[%emt 0:07:05]} 33. a5 {[%emt 0:00:36]} e5 {[%emt 0:00:45]} 34. g5 {[%emt 0:01:36]} Bf2 {[%emt 0:01:42]} 35. b5 {[%emt 0:00:19]} Be1 {[%emt 0:02:02]} 36. a6 {[%emt 0:01:35]} Bf2 {[%emt 0:00:12]} 37. Ke2 {[%emt 0:00:46]} Bb6 {[%emt 0:00:14]} 38. Kd3 {[%emt 0:00:35]} Ba7 {[%emt 0:00:24]} 39. Kc3 {[%emt 0:00:35]} e4 {[%emt 0:00:15]} 40. fxe4+ {[%emt 0:00:05]} Kxe4 {[%emt 0:00:04]} 41. Kb4 {[%emt 0:00:01]} f3 {[%emt 0:00:17]} 42. Ka5 {[%emt 0:00:02]} f2 {[%emt 0:00:44]} 43. b6 {[%emt 0:00:02] [#]} Bxb6+ $1 {[%emt 0:00:45] Promotion} 0-1

[Event "Kerkinitida 2021"]
[Site "Yevpatoria"]
[Date "2021.10.25"]
[Round "7.7"]
[White "Grinivetskii, Mark"]
[Black "Cherunov, Svyatoslav"]
[Result "1/2-1/2"]
[WhiteElo "1350"]
[BlackElo "1240"]
[Annotator "NA RC"]
[PlyCount "130"]
[EventDate "2021.10.19"]
[EventType "swiss"]
[SourceTitle "playchess.com"]
[Source "ChessBase"]
[SourceQuality "1"]
[TimeControl "5400+30"]

1. e4 {[%emt 0:00:03]} c5 {[%emt 0:00:29]} 2. Nf3 {[%emt 0:00:02]} Nc6 {[%emt 0:00:06]} 3. d4 {[%emt 0:00:06]} cxd4 {[%emt 0:00:09]} 4. Nxd4 {[%emt 0:00:15]} e5 {[%emt 0:00:00]} 5. Nf3 {[%emt 0:00:11]} Nf6 {[%emt 0:00:24]} 6. Nc3 {[%emt 0:00:09]} Bc5 {[%emt 0:00:17]} 7. Bg5 {[%emt 0:00:05]} h6 {[%emt 0:00:12]} 8. Bh4 {[%emt 0:00:07]} g5 {[%emt 0:01:04]} 9. Bg3 {[%emt 0:00:14]} d6 {[%emt 0:00:15]} 10. Bc4 {[%emt 0:00:20]} Bg4 {[%emt 0:00:54]} 11. h3 {[%emt 0:00:17]} Be6 {[%emt 0:00:43]} 12. Bb3 {[%emt 0:00:33]} Bb4 {[%emt 0:01:01]} 13. Qd3 {[%emt 0:00:33]} Qb6 {[%emt 0:01:00]} 14. O-O-O {[%emt 0:01:17]} Bxc3 {[%emt 0:01:23]} 15. bxc3 {[%emt 0:01:03]} O-O-O {[%emt 0:00:35]} 16. Nd2 {[%emt 0:00:39]} d5 {[%emt 0:01:48]} 17. Qf3 {[%emt 0:00:59]} Nxe4 {[%emt 0:02:06]} 18. Nxe4 {[%emt 0:00:20]} dxe4 {[%emt 0:00:33]} 19. Qxe4 {[%emt 0:00:43]} Bxb3 {[%emt 0:00:59]} 20. cxb3 {[%emt 0:00:25]} Qc5 {[%emt 0:01:24]} 21. Kb2 {[%emt 0:00:25]} b5 {[%emt 0:02:03]} 22. Qf5+ {[%emt 0:00:48]} Kb8 {[%emt 0:01:46]} 23. Qxf7 {[%emt 0:01:13]} a5 {[%emt 0:02:11]} 24. Rhe1 {[%emt 0:01:56]} Rxd1 {[%emt 0:02:17]} 25. Rxd1 {[%emt 0:00:11]} b4 {[%emt 0:00:38]} 26. c4 {[%emt 0:01:23]} Rf8 {[%emt 0:01:16]} 27. Rd5 {[%emt 0:01:53]} Qd4+ {[%emt 0:02:24]} 28. Rxd4 {[%emt 0:00:25]} Rxf7 {[%emt 0:00:10]} 29. Rd6 {[%emt 0:00:27]} Kc7 {[%emt 0:01:24]} 30. Rxh6 {[%emt 0:00:14]} Kb6 {[%emt 0:00:37]} 31. f3 {[%emt 0:01:03]} Kc5 {[%emt 0:01:36]} 32. Bf2+ {[%emt 0:00:57]} Nd4 {[%emt 0:00:38]} 33. Ra6 {[%emt 0:00:26]} Rd7 {[%emt 0:01:55]} 34. Rxa5+ {[%emt 0:00:11]} Kc6 {[%emt 0:01:45]} 35. Rxe5 {[%emt 0:00:41]} Nxf3 {[%emt 0:00:29]} 36. Rc5+ {[%emt 0:01:19]} Kb7 {[%emt 0:01:17]} 37. Rb5+ {[%emt 0:00:23]} Ka6 {[%emt 0:01:11]} 38. gxf3 {[%emt 0:01:20]} Rd2+ {[%emt 0:00:14]} 39. Kb1 {[%emt 0:00:36]} Rxf2 {[%emt 0:00:16]} 40. Rxb4 {[%emt 0:00:11]} Rxf3 {[%emt 0:00:42]} 41. Rb5 {[%emt 0:00:21]} Rxh3 {[%emt 0:00:37]} 42. Rxg5 {[%emt 0:00:06]} Rh2 {[%emt 0:00:36]} 43. Rg3 {[%emt 0:00:16]} Ka5 {[%emt 0:00:38]} 44. Rc3 {[%emt 0:00:26]} Kb4 {[%emt 0:00:44]} 45. Rc2 {[%emt 0:00:10]} Rh1+ {[%emt 0:00:57]} 46. Kb2 {[%emt 0:00:05]} Rh3 {[%emt 0:01:28]} 47. c5 {[%emt 0:00:08]} Rh7 {[%emt 0:00:34]} 48. c6 {[%emt 0:00:07]} Rc7 {[%emt 0:00:16]} 49. Rc4+ {[%emt 0:00:29]} Ka5 {[%emt 0:00:28]} 50. a4 {[%emt 0:00:13]} Kb6 {[%emt 0:01:37]} 51. Ka3 {[%emt 0:00:11]} Ka5 {[%emt 0:01:53]} 52. b4+ {[%emt 0:00:15]} Kb6 {[%emt 0:01:05]} 53. a5+ {[%emt 0:00:13]} Kb5 {[%emt 0:01:49]} 54. Rc5+ {[%emt 0:00:07]} Ka6 {[%emt 0:00:30]} 55. Ka4 {[%emt 0:00:11]} Rc8 {[%emt 0:01:41]} 56. b5+ {[%emt 0:00:15]} Ka7 {[%emt 0:00:09]} 57. b6+ {[%emt 0:00:15]} Ka6 {[%emt 0:02:19]} 58. b7 {[%emt 0:00:10]} Rf8 {[%emt 0:01:19]} 59. Rc4 {[%emt 0:00:36]} Ka7 {[%emt 0:04:14]} 60. Kb5 {[%emt 0:00:34]} Kb8 {[%emt 0:01:11]} 61. Kb6 {[%emt 0:00:42]} Rf7 {[%emt 0:01:11]} 62. Rd4 {[%emt 0:01:01]} Rxb7+ {[%emt 0:01:20]} 63. Ka6 {[%emt 0:00:30]} Rb3 {[%emt 0:01:29]} 64. Rc4 {[%emt 0:00:38]} Ka8 {[%emt 0:02:12]} 65. c7 {[%emt 0:00:29]} Rb6+ {[%emt 0:00:10]} 1/2-1/2

[Event "Kerkinitida 2021"]
[Site "Yevpatoria"]
[Date "2021.10.25"]
[Round "7.8"]
[White "Samson, Anna Rao. T"]
[Black "Polukhin, Alexander"]
[Result "0-1"]
[WhiteElo "1573"]
[BlackElo "2152"]
[Annotator "TA"]
[PlyCount "76"]
[EventDate "2021.10.19"]
[EventType "swiss"]
[SourceTitle "playchess.com"]
[Source "ChessBase"]
[SourceQuality "1"]

{[%evp 9,75,-86,-73,-121,-121,-121,-127,-165,-125,-445,-444,-436,-410,-433,-424,-462,-469,-474,-385,-393,-387,-385,-362,-352,-345,-361,-358,-375,-372,-367,-362,-377,-367,-393,-391,-437,-431,-484,-420,-402,-334,-334,-330,-466,-443,-624,-614,-566,-538,-669,-660,-931,-915,-29993,-29994,-29994,-29994,-29994,-29995,-29995,-29996,-29996,-29997,-29997,-29998,-29998,-29999,-29999]} 1. e4 e6 2. Nf3 d5 3. d3 Nf6 4. Bg5 Be7 5. Ne5 dxe4 {[#]} 6. dxe4 $146 {C00: French: Unusual White 2nd moves.} ({Predecessor:} 6. Bxf6 Bxf6 7. Qh5 g6 8. Nxf7 gxh5 9. Nxd8 Kxd8 10. Be2 Bxb2 11. O-O Bxa1 12. Nd2 exd3 13. cxd3 {0-1 (28) Teixeira,A (1768)-Barbosa,E (2089) Joao Pessoa 2012}) 6... Qxd1+ 7. Kxd1 Nxe4 {[%mdl 64] Double Attack} 8. Be3 {Black is better.} Bf6 9. Bd4 {[%mdl 8192]} (9. Nd3 $17 {is a better chance.}) 9... Bxe5 $19 {[%mdl 64] Overworked Piece} 10. Bxe5 Nxf2+ {[%mdl 64] Double Attack} 11. Ke1 Nxh1 12. Bd3 Nc6 13. Bxc7 Nb4 14. Nc3 Nxd3+ 15. cxd3 Bd7 16. Ke2 {[#]} Rc8 $1 17. Bd6 {[#]} (17. Be5 O-O) 17... Rc6 $1 18. Bb4 {[#]} (18. Ba3 Ng3+) 18... f6 $1 19. Rxh1 Kf7 20. Kd2 e5 21. Ne4 Be6 22. Nd6+ Kg6 23. Rg1 Rd8 24. Nxb7 Rb8 25. Na5 Rc7 ({Don't take} 25... Rxb4 26. Nxc6 Rxb2+ 27. Kc3) 26. Ba3 (26. a3 {was necessary.}) 26... Bxa2 27. g4 (27. Rc1 $142 Rxc1 28. Kxc1) 27... Rbc8 28. Ke3 Bd5 29. b3 Rc2 30. h4 Ra2 {( -> ...Rcc2)} 31. Bb4 Rcc2 {[%csl Ga2][%cal Rc2e2] Black mates.} 32. Re1 Rg2 {[%cal Rg2g3]} 33. h5+ Kg5 {[%cal Rg2g3]} 34. Bd2 Raxd2 35. Nc4 Rdf2 {[%csl Gd5][%cal Rf2f3]} 36. Nd2 Rxd2 37. b4 Rdf2 {[%csl Gd5][%cal Rf2f3]} 38. b5 Rf3# {White got outplayed after the opening.  Weighted Error Value: White=0.97/Black=0.13} 0-1

[Event "Kerkinitida 2021"]
[Site "Yevpatoria"]
[Date "2021.10.26"]
[Round "8.1"]
[White "Tomilova, Elena"]
[Black "Triapishko, Alexandr"]
[Result "1/2-1/2"]
[WhiteElo "2256"]
[BlackElo "2506"]
[Annotator "TA"]
[PlyCount "39"]
[EventDate "2021.10.19"]
[EventType "swiss"]
[SourceTitle "playchess.com"]
[Source "ChessBase"]
[SourceQuality "1"]

{[%evp 9,39,26,28,12,30,17,33,37,37,37,33,24,41,18,14,0,0,0,0,0,0,0,0,0,0,0,0,0,0,0,0,0]} 1. d4 Nf6 2. Nf3 g6 3. c4 Bg7 4. e3 O-O 5. Be2 b6 6. O-O {E60: King's Indian: Unusual lines and Fianchetto Variation without Nc3.} Bb7 7. Nc3 Ne4 {Recently 7...e6 got a lot of attention.} (7... e6 8. b4 Ne4 9. Nxe4 Bxe4 10. Ba3 a6 11. Rc1 d6 12. Nd2 Bb7 13. Bf3 Bxf3 14. Qxf3 Nd7 15. c5 d5 {½-½ (38) Tomilova,E (2256)-Triapishko,A (2506) Kerch 2021}) 8. Nxe4 {White is slightly better.} Bxe4 9. d5 {[#]} e6 $146 ({Predecessor:} 9... d6 10. Nd2 Bf5 11. e4 Bc8 12. Rb1 c6 13. b3 cxd5 14. cxd5 Nd7 15. Bb2 Nf6 {1-0 (60) Braun,A (2598)-Fressinet,L (2655) Chess.com INT 2019}) 10. Nd4 Be5 11. f3 Qh4 {The position is equal.} 12. g3 Bxg3 13. hxg3 Qxg3+ 14. Kh1 Qh3+ 15. Kg1 Qg3+ 16. Kh1 {[#] Black must now prevent Qe1.} Qh3+ 17. Kg1 Qg3+ 18. Kh1 {And now Qe1 would win.} Qh3+ 19. Kg1 Qg3+ 20. Kh1 {Weighted Error Value: White=0.08/Black=0.05} 1/2-1/2

[Event "Kerkinitida 2021"]
[Site "Yevpatoria"]
[Date "2021.10.26"]
[Round "8.2"]
[White "Demidov, Mikhail"]
[Black "Truskavetsky, Alexandr"]
[Result "1-0"]
[WhiteElo "2551"]
[BlackElo "2371"]
[Annotator "TA"]
[PlyCount "187"]
[EventDate "2021.10.19"]
[EventType "swiss"]
[SourceTitle "playchess.com"]
[Source "ChessBase"]
[SourceQuality "1"]

{[%evp 9,187,24,30,10,31,23,33,33,30,25,29,25,27,22,22,22,26,14,16,10,17,16,25,20,16,26,18,19,26,33,40,40,32,32,32,11,113,103,103,110,94,89,98,70,62,64,84,25,21,16,58,56,72,64,77,78,87,87,100,97,94,54,57,59,83,31,23,23,30,25,30,10,83,72,72,72,72,72,77,82,83,81,85,28,28,28,48,45,147,9,9,9,9,9,15,0,0,0,0,0,0,0,0,0,0,0,0,0,7,7,19,0,71,71,70,70,87,87,88,87,87,87,87,87,87,87,87,81,87,70,87,87,87,25,25,0,71,0,87,87,87,70,87,87,87,87,87,87,87,70,87,37,71,71,150,148,188,187,199,187,187,162,178,178,180,150,181,143,143,143,143,143,142,133,198,189,12849,12849,12850,12850]} 1. Nf3 f5 2. d3 Nc6 3. d4 e6 4. g3 (4. c4 Nf6 5. Nc3 Bb4 6. Bd2 O-O 7. e3 d6 8. a3 Bxc3 9. Bxc3 Ne4 10. Rc1 Nxc3 11. Rxc3 Qf6 12. c5 e5 13. cxd6 cxd6 14. dxe5 dxe5 15. Bb5 Kh8 16. O-O f4 17. Bxc6 bxc6 {1-0 (42) Demidov,M (2551)-Truskavetsky,A (2371) Sevastopol 2021}) 4... Nf6 5. Bg2 d6 6. O-O {A04: Unusual lines after 1 Nf3 and King's Indian Attack.} Be7 7. c4 O-O 8. d5 {White is slightly better.} Ne5 9. Qb3 Nxf3+ 10. exf3 e5 11. f4 {[#]} e4 $146 ({Predecessor:} 11... exf4 12. Bxf4 Nd7 13. Nc3 g5 14. Bd2 Nc5 15. Qd1 Bf6 16. b4 Nd7 17. f4 gxf4 18. gxf4 {½-½ (41) Indjic,A (2638)-Lagarde,M (2657) Batumi 2019}) 12. Nc3 c5 13. Bd2 Rb8 14. Rfe1 Bd7 15. a4 Ne8 16. f3 exf3 17. Bxf3 Bf6 18. Kg2 a6 19. a5 b5 20. axb6 $1 Qxb6 21. Qxb6 Rxb6 22. Nd1 Nc7 (22... Bd4 $11) 23. Ba5 $16 Rb7 24. Bxc7 {[%mdl 64] Discovered Attack} Rxc7 25. Rxa6 Rb8 26. Rxd6 Ra7 $1 27. Re3 Ba4 28. g4 (28. Kh3 $16) 28... Bxd1 $11 29. Bxd1 Rxb2+ 30. Re2 Rxe2+ 31. Bxe2 $14 {[%mdl 4096] Endgame KRB-KRB} Ra2 32. Kf1 Ra1+ 33. Kf2 Bd4+ 34. Kg3 Ra3+ 35. Bf3 fxg4 $1 36. Kxg4 {Hoping for Be4.} Rc3 37. Ra6 (37. Be2 $16) 37... h5+ $1 38. Kg3 Kf7 39. Re6 Bf6 $1 40. f5 g5 (40... h4+ $1 $11 41. Kg2 g6) 41. fxg6+ $16 Kxg6 {[#]} 42. Kf4 $1 Rxc4+ {[#]} 43. Be4+ $1 Kg7 44. Rc6 Rc1 45. Rc7+ Kf8 46. d6 (46. Kf5 $16 Be7 47. Ke6) 46... Rd1 $11 47. Rc6 Kf7 48. Bf3 Rf1 (48... Rd3 $1 $14) 49. d7 ({Don't play} 49. Rxc5 $6 Ke6 $11) (49. Ke4 $16) 49... Bd8 $1 50. Rxc5 Ke6 51. Rxh5 Kxd7 52. h4 Ke6 53. Rh7 Bf6 54. h5 Be5+ 55. Ke3 Re1+ 56. Be2 Rh1 57. Bg4+ Kf6 58. Rh6+ Kf7 59. Ra6 Rc1 60. h6 Rh1 (60... Ra1 $11 61. Rc6 Bf6) 61. Be6+ $16 Kf8 62. Bf5 Bb2 63. h7 Rh4 64. Be4 Ke7 65. Kf3 Be5 66. Ra8 Rf4+ 67. Ke3 {aiming for Ra5.} Rh4 68. Bf5 Kf7 69. Ra6 (69. Rg8 {with more complications.} Bg7 70. Be4 Rh5 71. Rd8 Rh3+ 72. Kf4) 69... Bb2 70. Kf3 Be5 71. Bg6+ ({White should play} 71. Ra7+ $16 Kf6 72. Be4) 71... Kg7 $1 $11 72. Re6 Bb2 (72... Rh6 $11 {remains equal.}) 73. Bf5 (73. Bc2 $16) 73... Kf7 (73... Rxh7 $11 {keeps the balance.} 74. Bxh7 Kxh7) 74. Re2 $16 Bf6 75. Ra2 Be5 76. Ra7+ Kf6 77. Bb1 Rh1 78. Rb7 Rh2 79. Rb6+ Kf7 80. Kg4 Rb2 81. Bg6+ Ke7 (81... Kg7 $142 82. Re6 Bd4) 82. Ra6 Rb8 83. Kf5 Bc3 84. Ra7+ Kd6 85. Bf7 Bb2 86. Ra2 {Rxb2! is the strong threat.} Bc3 87. Rc2 Ba1 88. Rd2+ Ke7 89. Bc4 Rf8+ 90. Kg6 Rf6+ 91. Kg5 Rf8 (91... Rc6 $16) 92. Ra2 Bd4 $2 (92... Bf6+ 93. Kg6 Bc3) 93. Re2+ $18 Kd6 94. Rd2 {Weighted Error Value: White=0.12/Black=0.13} 1-0